| 000 | 00400cam a2200157ua 4500 | ||
|---|---|---|---|
| 003 | OSt | ||
| 008 | 250505b |||||||| |||| 00| 0 eng d | ||
| 020 | _a8123901232 | ||
| 082 |
_a624.15136 _bSEH/TE |
||
| 100 |
_aSehgal, S B . _9605 |
||
| 245 | _aText book of Soil Mechanics / | ||
| 250 | _a1/3 | ||
| 260 |
_aNew Delhi : _bC B S Publishers & Distributers , _c2011 |
||
| 300 | _a572 ; . | ||
| 942 | _cBK | ||
| 999 |
_c8920 _d8920 |
||